书目信息 |
| 题名: |
经传释词
|
|
| 作者: | 王引之 著 ;湖南师范学院中文系古汉语研究室 校点 | |
| 分册: | ||
| 出版信息: | 长沙 岳麓书社 1984 |
|
| 页数: | 274页 | |
| 开本: | 19cm | |
| 丛书名: | ||
| 单 册: | ||
| 中图分类: | H131.7 | |
| 科图分类: | ||
| 主题词: | 汉语--语义 , 汉语--语义学 , 汉语--词汇 , 训诂 | |
| 电子资源: | ||
| ISBN: | ||
| 000 | 00839nam0 2200289 45 | |
| 001 | 0184003155 | |
| 005 | 20040420145058.2 | |
| 010 | @b精装@dCNY2.20 | |
| 091 | @a9285.2 | |
| 100 | @a19950428d1984 emky0chiy0121 ea | |
| 101 | 0 | @achi |
| 102 | @aCN@b430000 | |
| 105 | @ay z 000yy | |
| 106 | @ar | |
| 200 | 10 | @a经传释词@Ajing zhuan shi ci@f(清)王引之著@g湖南师范学院中文系古汉语研究室校点 |
| 210 | @a长沙@c岳麓书社@d1984 | |
| 215 | @a274页@d19cm | |
| 606 | 0 | @a汉语@x语义 |
| 606 | 0 | @a汉语@x语义学 |
| 606 | 0 | @a汉语@x词汇 |
| 606 | 0 | @a训诂 |
| 690 | @aH131.7 | |
| 701 | 0 | @a王引之@Awang yin zhi@f清@4著 |
| 712 | 02 | @a湖南师范学院中文系古汉语研究室@Ahu nan shi fan xue yuan zhong wen xi gu han yu yan jiu shi@4校点 |
| 801 | 0 | @aCN@b上海图书馆@c20040420 |
| 801 | 2 | @aCN@bNLC@c20040420 |
| 905 | @f4@b174194-197@dH131.7@e7 | |
| 经传释词/(清)王引之著/湖南师范学院中文系古汉语研究室校点.-长沙:岳麓书社,1984 |
| 274页;19cm |
| ISBN (精装):CNY2.20 |
| ● |
| 相关链接 |
|
|
|
|
正题名:经传释词
索取号:H131.7/7
 
预约/预借
| 序号 | 登录号 | 条形码 | 馆藏地/架位号 | 状态 | 备注 |
| 1 | 0174194 | 000834798 | 第四借阅区/ [索取号:H131.7/7] | 在馆 | |
| 2 | 0174195 | 000834850 | 密集书库/ [索取号:H131.7/7] | 在馆 | |
| 3 | 0174196 | 000834823 | 密集书库/ [索取号:H131.7/7] | 在馆 | |
| 4 | 0174197 | 000834832 | 密集书库/ [索取号:H131.7/7] | 在馆 | |
| 5 | 0174198 | 000834734 | 密集书库/ [索取号:H131.7/7] | 在馆 |